ბათუმის შოთა რუსთაველის სახელმწიფო უნივერსიტეტის ბიბლიოთეკა

ცვარნი ციურნი (ბიბ.ჩანაწერი № 42998)

000 -LEADER
fixed length control field 00663nam a2200217Ia 4500
001 - CONTROL NUMBER
control field 9715
003 - CONTROL NUMBER IDENTIFIER
control field GE_BSU
008 - FIXED-LENGTH DATA ELEMENTS--GENERAL INFORMATION
fixed length control field 181216s||||||||xx |||||||||||||| ||und||
040 ## - CATALOGING SOURCE
Transcribing agency GE_BSU
100 ## - MAIN ENTRY--PERSONAL NAME
Personal name ნადირაძე,კოლაუ
245 ## - TITLE STATEMENT
Title ცვარნი ციურნი
245 ## - TITLE STATEMENT
Remainder of title ლექსები
245 ## - TITLE STATEMENT
Statement of responsibility, etc. რედ.ლეილა მესხი.მხატვ.ს.აჯიაშვილი
260 ## - PUBLICATION, DISTRIBUTION, ETC.
Place of publication, distribution, etc. თბილისი
260 ## - PUBLICATION, DISTRIBUTION, ETC.
Name of publisher, distributor, etc. მერანი
260 ## - PUBLICATION, DISTRIBUTION, ETC.
Date of publication, distribution, etc. 1990
300 ## - PHYSICAL DESCRIPTION
Extent 408გვ.21სმ.
653 ## - INDEX TERM--UNCONTROLLED
Uncontrolled term ლექსები
653 ## - INDEX TERM--UNCONTROLLED
Uncontrolled term ცვარნი ციურნი
942 ## - ADDED ENTRY ELEMENTS (KOHA)
Koha item type წიგნი
ეგზემპლარები
Withdrawn status Lost status Damaged status Not for loan Date acquired Barcode Date last seen Price effective from Koha item type
        2018-12-17 32778 2018-12-17 2018-12-17 წიგნი
        2018-12-17 32779 2018-12-17 2018-12-17 წიგნი
        2018-12-17 32780 2018-12-17 2018-12-17 წიგნი
        2018-12-17 32781 2018-12-17 2018-12-17 წიგნი